000 00550nam a2200181Ia 4500
999 _c9062
_d9062
003 OSt
005 20201008115534.0
008 190216s9999||||xx |||||||||||||| ||und||
020 _a9788172735906
040 _coclc
082 _a001.4202854678
_bJAN/I
100 _aJange, Suresh
_95460
245 0 _aInternet Research In Information Science /
_cSuresh Jange
260 _bAuthorspress,
_c2011.
_aNew Delhi:
300 _a261p
650 _aComputer Science
942 _cBK
_2ddc
_h001.4202854678
_iJAN/I
_k001.4202854678
_mJAN/I